| 000 | 01636mam a2200385 a 4500 | ||
|---|---|---|---|
| 001 | 3100705 | ||
| 005 | 20220326193338.0 | ||
| 008 | 010601s2000 ck a b 000 p spa d | ||
| 020 | _a9586640434 | ||
| 035 | _a(OCoLC)47049741 | ||
| 035 | _a(NNC)3100705 | ||
| 040 |
_aNN _cNN |
||
| 041 | 0 | _aspaeng | |
| 082 |
_a709.040.75 _bG212r |
||
| 100 | 1 |
_aGaraicoa, Carlos. _94224 |
|
| 245 | 1 | 0 |
_aCarlos Garaicoa : _bLa ruina, la utopía / _cJosé Ignacio Roca [curador] |
| 246 | 3 | 0 | _aRuina, la utopía |
| 260 |
_aBogotá D.C. : _bBanco de la República, Biblioteca Luis Angel Arango, _c2000. |
||
| 300 |
_a118 p. : _bill. (col.) ; _c28 cm. |
||
| 500 | _aCatalog of an exhibition held at the Biblioteca Luis Angel Arango, Casa de Moneda, Bogotá D.C., Colombia, June 14-Aug. 20, 2000. | ||
| 504 | _aIncludes bibliographical references (p. 93). | ||
| 505 |
_tLa ruina; La utopia _rJose Ignacio Roca. _tEl espejo del deseo _rEugenio Valdes Figueroa _tCatalogo _tCuando el deseo se parece a nada _rCoco Fusco _tCarlos Garaicoa: Proyectar un paisaje _rVirginia Perez-Ratton _tcurriculum vitae _tLista de obras |
||
| 546 | _aIn Spanish and English. | ||
| 600 | 1 | 0 |
_aGaraicoa, Carlos _vExhibitions. _94226 |
| 650 | 0 |
_aEnvironment (Art) _vExhibitions. _9668 |
|
| 650 | 0 |
_aMedio Ambiente (Arte) _94265 |
|
| 650 | 0 |
_aExhibiciones _zCuba _94266 |
|
| 650 | 0 |
_aArte Conceptual _vExhibiciones _zCuba _94267 |
|
| 700 | 1 |
_aRoca, José Ignacio [curador] _94229 |
|
| 700 | 1 |
_aPérez-Ratton, Virginia _9580 |
|
| 700 | 1 |
_aValdés Figueroa, Eugenio _94305 |
|
| 700 | 1 |
_aFusco, Coco _93691 |
|
| 710 | 2 |
_aBiblioteca Luis-Ángel Arango. _94230 |
|
| 999 |
_c792 _d792 |
||